000 00624cam a22002053a 4500
001 43841
003 PGUSA
005 20140828084011.0
008 130928s2013||||xxu|||||s|||||000 | eng d
040 _aPGUSA
_beng
042 _adc
100 1 _aDircks, Henry
245 1 0 _aScientific Studies ;
_bor, Practical, in Contrast with Chimerical Pursuits; etc, etc, etc
_h[electronic resource] /
_cHenry Dircks
260 _bProject Gutenberg,
_c2013
506 _aPublic domain in the USA.
516 _aElectronic text
830 0 _aProject Gutenberg
_v43841
856 4 0 _uhttp://www.gutenberg.org/ebooks/43841
942 _cEB
999 _c273092
_d273092